[Event "IRI-ch U14"]
[Site "Chess.com INT"]
[Date "2021.01.16"]
[Round "10"]
[White "Namdar Abadi, Abolfazl"]
[Black "Reisi, Abolfazl"]
[Result "0-1"]
[WhiteElo "1211"]
[BlackElo "1580"]
[PlyCount "180"]
[EventDate "2021.01.16"]
[EventType "swiss"]
[EventRounds "11"]
[EventCountry "IRI"]
[SourceTitle "EXT 2022"]
[Source "ChessBase"]
[SourceDate "2021.10.06"]
[SourceVersion "1"]
[SourceVersionDate "2021.10.06"]
[SourceQuality "1"]

1. d4 d5 2. c4 e6 3. Nc3 c6 4. cxd5 exd5 5. e3 Nf6 6. Bd3 Be7 7. Nf3 0-0 8. Qc2 h6 9. 0-0 Nbd7 10. e4 dxe4 11. Nxe4 Re8 12. Bf4 Nb6 13. Rad1 Nbd5 14. Be5 Nb4 15. Qb1 Nxd3 16. Qxd3 Nxe4 17. Qxe4 Bd6 18. Qc2 Bxe5 19. dxe5 Qc7 20. Rfe1 Bg4 21. Qe4 Bxf3 22. Qxf3 Rxe5 23. Rxe5 Qxe5 24. Qb3 b6 25. h3 Re8 26. Qc2 Qf6 27. Rc1 c5 28. Kf1 Rd8 29. Re1 Qf4 30. Kg1 g6 31. Re2 Qd4 32. a3 Qd1+ 33. Kh2 Qxc2 34. Rxc2 Kg7 35. Kg3 Kf6 36. Kf3 h5 37. Ke2 g5 38. Rc3 Rd5 39. g3 Ke6 40. f4 f6 41. h4 gxh4 42. gxh4 Kf5 43. Rf3 Rd4 44. Ke3 Re4+ 45. Kd3 Rxf4 46. Rh3 Ke5 47. Re3+ Kd6 48. Rh3 a6 49. Ke3 Rg4 50. Rf3 Ke5 51. Rh3 f5 52. Kf3 b5 53. Rh1 Rf4+ 54. Ke3 a5 55. Rc1 c4 56. Rh1 Re4+ 57. Kf3 b4 58. axb4 axb4 59. Rh2 f4 60. Rc2 Re3+ 61. Kf2 c3 62. bxc3 bxc3 63. Ra2 Rd3 64. Ke2 Rd2+ 65. Rxd2 cxd2 66. Kxd2 Kf5 67. Ke2 Kg4 68. Kf2 Kxh4 69. Kf3 Kg5 70. Kg2 Kg4 71. Kf2 h4 72. Kg2 f3+ 73. Kf2 Kf4 74. Kf1 Ke3 75. Kg1 Ke2 76. Kh1 f2 77. Kh2 f1R 78. Kg2 h3+ 79. Kh2 Kf2 80. Kxh3 Rg1 81. Kh2 Rg7 82. Kh3 Rg8 83. Kh4 Kf3 84. Kh5 Kf4 85. Kh6 Rg1 86. Kh5 Rg2 87. Kh6 Kf5 88. Kh7 Kf6 89. Kh8 Kf7 90. Kh7 Rh2# 0-1